000 00636nam a2200241Ia 4500
003 OSt
005 20221005121109.0
006 a|||||r|||| 00| 0
007 ta
008 221004b |||||||| |||| 00| 0 eng d
024 _a58154
037 _cTextual
040 _aCRL
_cCRL
_beng
041 _2eng
_aeng
082 _aV2:241tN56, J6
110 _aIndian National Congress
_9630063
245 0 _aGeneral secretaries January 1955 to February 1956
_b Report
260 _c1956
650 _aHISTORY
700 _aIndian National Congress
942 _hV2:241tN56, J6
_cTEXL
_2cc
999 _c1040077
_d1040077